Subspecies of Elephants - Statistics

General Stats
  • This quiz has been taken 11 times
  • The average score is 5 of 6
Answer Stats
Species (Sub)species Common name IUCN Estimated
population
% Correct
Elephas maximus indicus Indian elephant EN 20,000-25,000
100%
Loxodonta africana Loxodonta africana African bush elephant EN ~300,000
78%
Loxodonta cyclotis Loxodonta cyclotis African forest elephant CR ~150,000
78%
Elephas maximus Elephas maximus maximus Sri lankan elephant EN ~7,500
78%
Elephas maximus sumatranus Sumatran elephant CR 2,400-2,800
78%
Elephas maximus borneensis Bornean elephant EN 1,000-1,500
56%
No matching quizzes found
Score Distribution
Percent of People with Each Score
Percentile by Number Answered
Your Score History
You have not taken this quiz